| 000 | 01292pam a2200349 a 4500 | ||
|---|---|---|---|
| 001 | 4818807 | ||
| 003 | OSt | ||
| 005 | 20140310184336.0 | ||
| 008 | 890602s1990 nyua j 000 0 eng | ||
| 010 | _a 89035482 | ||
| 020 | _a0590478389 | ||
| 040 |
_aDLC _cDLC _dDLC |
||
| 042 | _alcac | ||
| 050 | 0 | 0 |
_aQA 113 _b.Ak52 1993 |
| 100 | 1 |
_aAker, Suzanne. _924141 |
|
| 245 | 1 | 0 |
_aWhat comes in 2's, 3's, & 4's? / _cSuzanne Aker ; illustrated by Bernie Karlin. |
| 260 |
_aNew York, NY : _bScholastic Inc., _c1990. |
||
| 300 |
_bcol. : ill. ; _c21 cm. |
||
| 520 | _aIntroduces the numbers two, three, and four by enumerating the ways in which they occur in everyday life, from your two eyes and two arms to the four seasons of the year. | ||
| 521 | _aG2 | ||
| 526 | _c470 | ||
| 650 | 0 |
_aCounting _xJuvenile literature. _924142 |
|
| 650 | 1 |
_aNumber concept. _9192 |
|
| 650 | 1 |
_aCounting. _911594 |
|
| 700 | 1 |
_aKarlin, Bernie, _eill. _924143 |
|
| 740 | 0 | _aWhat comes in 2's, 3's, and 4's? | |
| 740 | 0 | _aWhat comes in twos, threes, and fours? | |
| 906 |
_a7 _bcbc _corignew _d1 _eocip _f19 _gy-gencatlg |
||
| 942 |
_2lcc _cBK-SCHOLAS |
||
| 999 |
_c33735 _d33735 |
||